000 00578nam a2200217Ia 4500
003 OSt
005 20220926044731.0
006 a|||||r|||| 00| 0
007 ta
008 220923b |||||||| |||| 00| 0 eng d
037 _cGeneral Book
040 _aRTL
_cRTL
_beng
041 _2eng
_aeng
082 _aV53.K, K0
100 _aAsher Eugene L
_9349366
245 0 _aResistance to the maritime classes
_b The survival o
260 _c1960
650 _aEurope History
_914786
942 _hV53.K, K0
_cGB
_2CC
999 _c675626
_d675626